Η ανάλυση σεναρίων ως εργαλείο για τη διαχείριση υδάτων σε επίπεδο λεκάνης απορροής ποταμού : η περίπτωση του Αξιού : μεταπτυχιακή διατριβή

Saved in:
Bibliographic Details
Main Author: Γιακουμή, Συλβαίν Π.
Corporate Author: Πανεπιστήμιο Αιγαίου Σχολή Περιβάλλοντος Τμήμα Περιβάλλοντος Πρόγραμμα Μεταπτυχιακών Σπουδών Περιβαλλοντική Πολιτική και Διαχείριση
Other Authors: Σκούρτος, Μιχάλης Σ. (Thesis advisor)
Format: Thesis Book
Language:Greek
Published: Μυτιλήνη : Πανεπιστήμιο Αιγαίου, Τμήμα Περιβάλλοντος, Μεταπτυχιακό Πρόγραμμα Σπουδών στην Περιβαλλοντική Πολιτική και Διαχείριση, 2001
Subjects:
Online Access:http://hdl.handle.net/11610/14910
Tags: Add Tag
No Tags, Be the first to tag this record!

MARC

LEADER 00000cam a2200000 i 4500
001 1/26591
008 020822s2001 gre d
035 |l 10068281 
040 |a GR-MY-UA  |b gre  |e aacr 
041 0 |a gre 
082 0 |a 333.91  |2 (22) 
100 1 |a Γιακουμή, Συλβαίν Π. 
245 1 2 |a Η ανάλυση σεναρίων ως εργαλείο για τη διαχείριση υδάτων σε επίπεδο λεκάνης απορροής ποταμού :  |b η περίπτωση του Αξιού : μεταπτυχιακή διατριβή /  |c Συλβαίν Π. Γιακουμή ; επιβλέπων καθηγητής Μιχάλης Σ. Σκούρτος 
260 |a Μυτιλήνη :   |b Πανεπιστήμιο Αιγαίου, Τμήμα Περιβάλλοντος, Μεταπτυχιακό Πρόγραμμα Σπουδών στην Περιβαλλοντική Πολιτική και Διαχείριση,   |c 2001 
300 |a 108 σ.;  |b φωτ.;  |c 30 εκ. 
502 |a Διατριβή (μεταπτυχιακή) – Πανεπιστήμιο Αιγαίου, Λέσβος, 2001. 
504 |a Περιέχει βιβλιογραφία 
650 0 0 |a Water resources development  |x Mathematical models. 
651 0 |a Vardar River Watershed (North Macedonia and Greece) 
650 0 |a Watershed management  |z Vardar River Watershed (North Macedonia and Greece) 
650 0 0 |a Dissertations, Academic  |z Greece. 
700 1 |4 ths  |a Σκούρτος, Μιχάλης Σ. 
710 2 |a Πανεπιστήμιο Αιγαίου  |b Σχολή Περιβάλλοντος  |b Τμήμα Περιβάλλοντος  |b Πρόγραμμα Μεταπτυχιακών Σπουδών Περιβαλλοντική Πολιτική και Διαχείριση. 
852 |a INST  |b LESVOS  |c DIATR  |e 20020822  |h 100  |p 005100025245  |q 005100025245  |t MTXE  |y 23 
852 |a INST  |b LESVOS  |c DIATR  |e 20020822  |h 99  |p 005100025246  |q 005100025246  |t MTXE  |y 23 
856 |u http://hdl.handle.net/11610/14910 
901 |a BIBL1-2002-2 
909 |a Λ  |b 100864 
909 |a Λ  |b 100863 
924 |a ΓΙΑΚΟΥΜΗ  |b ΣΥΛΒΑΙΝ Π.  |y ΛΕΣΒΟΣ  |z 2002-02 
970 |a ΚΑΜΑΤΣΟΥ  |b ΔΕΣΠΟΙΝΑ  |z 2002/08/22